000 005490000a22001930004500
020 _a84-7228-494-8
041 0 _aSPA
082 0 4 _aG 261 W1321s
100 1 _aWagner, C. Pedro (Peter)
245 1 0 _aSu iglesia puede crecer / C. Peter Wagner ; Xavier Vila, Traductor
260 _aTerrassa, Barcelona, España : CLIE
300 _a215 Pag
500 _aTítulo original : Your church can graw
001 6765
942 _cBK
999 _c37030
_d37030
336 _atexto
_btxt
_2rdacontent
337 _2rdamedia
_asin mediación
_bn
338 _2rdacarrier
_avolumen
_bnc